Kagurabachi - Top 15 of the 1st Popularity Poll - Statistics

General Stats
  • This quiz has been taken 16 times
  • The average score is 10 of 15
Answer Stats
Answer % Correct
Chihiro Rokuhira
91%
Seiichi Samura
91%
Tōgo Shiba
91%
Hakuri Sazanami
82%
Yōji Uruha
82%
Hiyuki Kagari
73%
Genichi Sōjō
64%
Iwori Samura
64%
Yura
64%
Hiruhiko
55%
Natsuki Misaka
55%
Sōya Sazanami
55%
Enji Sazanami
45%
Fushimi
27%
Sōshirō Azami
27%
No matching quizzes found
Score Distribution
Percent of People with Each Score
Percentile by Number Answered
Your Score History
You have not taken this quiz